[Event "SVK-chT2C 2324"]
[White "Turjak, Anton"]
[Black "Valuska, Jan"]
[Site "Slovakia"]
[Round "11.7"]
[Result "1/2-1/2"]
[Date "2024.03.17"]
[WhiteElo "1811"]
[BlackElo "1917"]
[PlyCount "54"]
[EventDate "2023.10.07"]
[EventType "team-tourn"]
[EventRounds "11"]
[EventCountry "SVK"]
[SourceTitle "EXT 2025"]
[Source "ChessBase"]
[SourceDate "2024.10.14"]
[SourceVersion "1"]
[SourceVersionDate "2024.10.14"]
[SourceQuality "1"]
[WhiteTeam "Zilina DMS"]
[BlackTeam "Detva"]
[WhiteTeamCountry "SVK"]
[BlackTeamCountry "SVK"]

1. e4 e5 2. Nc3 Nf6 3. f4 Nc6 4. fxe5 Nxe5 5. d4 Ng6 6. Nf3 Bb4 7. Bd3 d6 8. 0-0 0-0 9. Bg5 h6 10. Bxf6 gxf6 11. Nd5 Ba5 12. Nd2 c6 13. Nxf6+ Kg7 14. c3 c5 15. dxc5 dxc5 16. Qe2 Bc7 17. Nh5+ Kh8 18. Qe3 Qg5 19. Qf3 Ne5 20. Qf6+ Qxf6 21. Rxf6 Nxd3 22. Rxh6+ Kg8 23. Rf1 Be5 24. Nc4 Bg7 25. Nxg7 Kxg7 26. Rd6 Be6 27. Rxd3 Bxc4 1/2-1/2

[Event "SVK-chT2C 2324"]
[White "Jurky, Marian"]
[Black "Turjak, Anton"]
[Site "Slovakia"]
[Round "2.8"]
[Result "1/2-1/2"]
[Date "2023.10.08"]
[WhiteElo "1681"]
[BlackElo "1653"]
[PlyCount "48"]
[EventDate "2023.10.07"]
[EventType "team-tourn"]
[EventRounds "11"]
[EventCountry "SVK"]
[SourceTitle "EXT 2025"]
[Source "ChessBase"]
[SourceDate "2024.10.14"]
[SourceVersion "1"]
[SourceVersionDate "2024.10.14"]
[SourceQuality "1"]
[WhiteTeam "Liptov Chess School III"]
[BlackTeam "Zilina DMS"]
[WhiteTeamCountry "SVK"]
[BlackTeamCountry "SVK"]

1. e4 d5 2. exd5 Nf6 3. d4 Nxd5 4. c4 Nb6 5. Nc3 Nc6 6. d5 Ne5 7. Bf4 Ng6 8. Bg3 e6 9. a3 exd5 10. cxd5 Bd6 11. Bb5+ Bd7 12. Bxd6 cxd6 13. Qe2+ Ne7 14. Nf3 0-0 15. Bxd7 Qxd7 16. Qd3 Ng6 17. 0-0 Rfe8 18. Rfe1 Nf4 19. Qb5 Qxb5 20. Nxb5 Nbxd5 21. Nxd6 Rxe1+ 22. Rxe1 b6 23. g3 Ne6 24. Rc1 Kf8 1/2-1/2